Construction industry statistics (Record no. 117973)

MARC details
000 -LEADER
fixed length control field 01247cam a2200217 4500
001 - CONTROL NUMBER
control field WB@3612-51
008 - FIXED-LENGTH DATA ELEMENTS--GENERAL INFORMATION
fixed length control field 040908n2004 000 0 eng u
035 ## - SYSTEM CONTROL NUMBER
System control number (Sirsi) u127293
245 ## - TITLE STATEMENT
Title Construction industry statistics
260 ## - PUBLICATION, DISTRIBUTION, ETC.
Date of publication, distribution, etc. 2004
490 ## - SERIES STATEMENT
Series statement DTI Press Release
Volume/sequential designation (OEC Q204) 3 September 2004 (2)
520 ## - SUMMARY, ETC.
Summary, etc. The total volume of construction output in the year to the second quarter of 2004 rose by 6% compared to the previous year. Overall new work rose over the same period, as did output, which rose by 1% in volume terms but fell by 1% in current prices. Housing repair and maintenance work in the public sector was 17% higher in the year to the second quarter of 2004 compared with the previous year. In the private sector this was 2% and in the non-housing sector it was 4%. Full details available at: http://www.dti.gov.uk/construction/stats/030904/pr essrel030904.htm. http://www.gnn.gov.uk/environment/detail.asp?Relea seID=128463&NewsAreaID=2&NavigatedFromDepartment=F alse
590 ## - LOCAL NOTE (RLIN)
Local note WB
590 ## - LOCAL NOTE (RLIN)
Local note WB
650 ## - SUBJECT ADDED ENTRY--TOPICAL TERM
Topical term or geographic name entry element CONSTRUCTION STATISTICS
650 ## - SUBJECT ADDED ENTRY--TOPICAL TERM
Topical term or geographic name entry element CONSTRUCTION OUTPUT
650 ## - SUBJECT ADDED ENTRY--TOPICAL TERM
Topical term or geographic name entry element EMPLOYMENT FIGURES
650 ## - SUBJECT ADDED ENTRY--TOPICAL TERM
Topical term or geographic name entry element HOUSING STATISTICS
690 ## - LOCAL SUBJECT ADDED ENTRY--TOPICAL TERM (OCLC, RLIN)
Topical term or geographic name as entry element BUILDING AND CONSTRUCTION-ECONOMICS
942 ## - ADDED ENTRY ELEMENTS (KOHA)
Suppress in OPAC 0
Holdings
Withdrawn status Lost status Source of classification or shelving scheme Damaged status Not for loan Home library Current library Shelving location Date acquired Total Checkouts Full call number Barcode Date last seen Copy number Price effective from Koha item type
    Dewey Decimal Classification     London London News article 08/09/2004   WB403403 127293-1001 06/08/2019 1 06/08/2019 News article